Fort Worth and vicinity, Texas-Tarrant Co /

Bibliographic Details
Corporate Author: Geological Survey (U.S.)
Format: Map
Language:English
Language Notes:In English.
Published: Washington, D.C. : The Survey, 1955.
Subjects:

MARC

Tag First Indicator Second Indicator Subfields
LEADER 00000cem a2200000Ia 4500
001 in00002782323
005 20151202171226.0
007 aj canzn
008 930618s1955 dcuag cp a f 1 eng d
019 |a 137371398  |a 743246786  |a 758394546 
034 1 |a a  |b 24000  |d W0973000  |e W0971500  |f N0325230  |g N0323730 
035 |a (OCoLC)ocm28297171 
035 |a (OCoLC)28297171  |z (OCoLC)137371398  |z (OCoLC)743246786  |z (OCoLC)758394546 
040 |a COP  |b eng  |c COP  |d OCL  |d OCLCQ  |d STF  |d OCLCQ  |d PUL  |d TXA  |d UtOrBLW 
043 |a n-us-tx 
049 |a TXAM 
050 4 |a G4034.F7 1955  |b .G4 
052 |a 4034  |b F7 
110 2 |a Geological Survey (U.S.) 
245 1 0 |a Fort Worth and vicinity, Texas-Tarrant Co /  |c mapped, edited, and published by the Geological Survey. 
246 3 |a Fort Worth and vicinity, Texas 
255 |a Scale 1:24,000 ;  |b polyconic proj.  |c (W 97°30ʹ00ʺ--W 97°15ʹ/N 32°52ʹ30ʺ--N 32°27ʹ30ʺ). 
264 1 |a Washington, D.C. :  |b The Survey,  |c 1955. 
300 |a 1 map :  |b color ;  |c 119 x 102 cm. 
336 |a cartographic image  |b cri  |2 rdacontent 
337 |a unmediated  |b n  |2 rdamedia 
338 |a sheet  |b nb  |2 rdacarrier 
500 |a "Red tint indicates areas in which only landmark buildings are shown." 
500 |a Relief shown by contours and spot heights. 
500 |a Title on lower edge: Fort Worth and vicinity, Texas. 
500 |a Index map in lower margin. 
546 |a In English. 
500 |a Cartographic material. 
651 0 |a Fort Worth (Tex.)  |v Maps. 
651 0 |a Fort Worth Metropolitan Area (Tex.)  |v Maps. 
651 0 |a Tarrant County (Tex.)  |v Maps. 
948 |a cataloged  |b h  |c 2012/6/7  |d c  |e jgreene  |f 3:30:11 pm 
994 |a C0  |b TXA 
999 |a MARS 
999 f f |s 80c3307f-346e-30c3-b4fa-50aab26cf6d8  |i 57d383ac-1b3b-3dfa-b63e-09a0647fc5d6  |t 0 
952 f f |p normal  |a Texas A&M University  |b College Station  |c Sterling C. Evans Library  |d Evans: Maps (2nd floor)  |t 0  |e G4034.F7 1955 .G4  |h Library of Congress classification  |i unmediated -- sheet  |m A14841093352 
998 f f |a G4034.F7 1955 .G4  |t 0  |l Evans: Maps (2nd floor)